[Event "4th Isthmia Open 2014"]
[Site "Vrachati GRE"]
[Date "2014.08.20"]
[Round "4.1"]
[White "Kotronias, Vasilios"]
[Black "Nikolaidis, Ioannis"]
[Result "1-0"]
[WhiteTitle "GM"]
[BlackTitle "GM"]
[WhiteElo "2552"]
[BlackElo "2559"]
[WhiteFideId "5900212"]
[BlackFideId "4202139"]
[EventDate "2014.08.18"]

1. e4 e6 2. d4 d5 3. Nd2 dxe4 4. Nxe4 Nd7 5. Bd3 Ngf6 6. Qe2 c5 7. Nf3 cxd4 8.
O-O Nxe4 9. Bxe4 Nf6 10. Rd1 Nxe4 11. Qxe4 Be7 12. Rxd4 Qb6 13. b3 f6 14. Be3 e5
15. Ra4 Qd6 16. Rxa7 Rxa7 17. Bxa7 O-O 18. Be3 Rd8 19. h4 Qc7 20. c4 Qd7 21. c5
Qd3 22. Qb4 Qd5 23. Qb6 Bg4 24. Nd2 f5 25. f3 f4 26. Bf2 Qxd2 27. fxg4 Qd5 28.
Re1 Rc8 29. Kh2 e4 30. Rd1 Qc6 31. Qxc6 bxc6 32. Rd7 Kf7 33. Rd4 Bxc5 34. Rxe4
Bd6 35. Kg1 h6 1-0

[Event "4th Isthmia Open 2014"]
[Site "Vrachati GRE"]
[Date "2014.08.20"]
[Round "4.2"]
[White "Antic, Dejan"]
[Black "Delchev, Aleksander"]
[Result "1/2-1/2"]
[WhiteTitle "GM"]
[BlackTitle "GM"]
[WhiteElo "2485"]
[BlackElo "2655"]
[WhiteFideId "901008"]
[BlackFideId "2900394"]
[EventDate "2014.08.18"]

1. d4 Nf6 2. c4 e6 3. Nf3 Bb4+ 4. Bd2 a5 5. g3 d6 6. Bg2 Nbd7 7. O-O e5 8. Nc3
O-O 9. dxe5 Nxe5 10. Nxe5 dxe5 11. a3 Be7 12. Qc2 c6 13. Rfd1 Be6 14. Na4 Qc7
15. Be3 1/2-1/2

[Event "4th Isthmia Open 2014"]
[Site "Vrachati GRE"]
[Date "2014.08.20"]
[Round "4.4"]
[White "Markidis, Konstantinos"]
[Black "Banikas, Hristos"]
[Result "0-1"]
[BlackTitle "GM"]
[WhiteElo "2322"]
[BlackElo "2644"]
[WhiteFideId "4203500"]
[BlackFideId "4202031"]
[EventDate "2014.08.18"]

1. e4 c5 2. Nf3 d6 3. Bb5+ Nd7 4. O-O Nf6 5. Re1 a6 6. Bd3 e5 7. c3 Be7 8. Bc2
c4 9. b3 b5 10. a4 cxb3 11. Bxb3 Bb7 12. d4 Nxe4 13. Ba3 O-O 14. axb5 axb5 15.
dxe5 dxe5 16. Bxe7 Qxe7 17. Rxa8 Bxa8 18. Re3 Nec5 19. Ba2 Bxf3 20. Qxf3 Rb8 21.
Qd5 e4 22. h3 g6 23. f3 Nf6 24. Qd2 Rd8 25. Qe2 Nd3 26. fxe4 Nc1 27. Qc2 Nxa2
28. Qxa2 Qc5 29. Qe2 Nxe4 30. Kh2 f5 31. Rd3 Rd5 32. Qa2 Nf6 33. Nd2 Kg7 34.
Rxd5 Nxd5 35. c4 Nc3 36. Qc2 Qd6+ 37. Kh1 b4 38. Nb3 Kf6 39. Nd2 Qd4 40. Kh2 Ke6
41. Kh1 g5 42. Kh2 h5 43. Nf3 Qd6+ 44. Kg1 g4 45. hxg4 hxg4 46. Nd2 Qd4+ 47. Kh1
Ne2 0-1

[Event "4th Isthmia Open 2014"]
[Site "Vrachati GRE"]
[Date "2014.08.20"]
[Round "4.5"]
[White "Kharitonov, Alexandr"]
[Black "Vafiadis, Kleanthis"]
[Result "1/2-1/2"]
[WhiteTitle "GM"]
[WhiteElo "2559"]
[BlackElo "2303"]
[WhiteFideId "4135202"]
[BlackFideId "4201850"]
[EventDate "2014.08.18"]

1. d4 Nf6 2. c4 g6 3. g3 Bg7 4. Bg2 O-O 5. Nc3 d6 6. Nf3 Nc6 7. O-O a6 8. Bf4
Rb8 9. c5 b5 10. d5 b4 11. Na4 Na7 12. Nd4 Bd7 13. Rc1 Bxa4 14. Qxa4 Nd7 15.
cxd6 exd6 16. Be3 Nc5 17. Qc2 Qf6 18. Nb3 Nxb3 19. Qxb3 Nb5 20. Rc2 Nd4 21. Bxd4
Qxd4 22. e3 Qe5 23. Rd1 Rb7 24. Rd4 Qh5 25. Rdd2 Rfb8 26. Rc6 a5 27. Qc4 Qf5 28.
Be4 Qd7 29. Kg2 Bf6 30. Bf3 Ra7 31. Bd1 a4 32. a3 b3 33. Bg4 Qe7 34. Be2 Be5 35.
f4 Bf6 36. e4 g5 37. Bg4 Kh8 38. e5 dxe5 39. d6 cxd6 40. Rdxd6 Bg7 41. fxg5 Rf8
42. Qe4 Rc7 43. h4 Rxc6 44. Rxc6 Qd8 45. Kh3 Qd4 46. Qxd4 exd4 47. Ra6 d3 48.
Rxa4 Rb8 49. Rb4 Rxb4 50. axb4 Bxb2 51. Bd1 Bc3 52. Bxb3 Bxb4 53. Bxf7 Kg7 54.
Bb3 h6 55. Kg4 Be7 56. gxh6+ Kxh6 57. Kf5 Bxh4 1/2-1/2

[Event "4th Isthmia Open 2014"]
[Site "Vrachati GRE"]
[Date "2014.08.20"]
[Round "4.6"]
[White "Halkias, Stelios"]
[Black "Sandalakis, Angelos"]
[Result "1/2-1/2"]
[WhiteTitle "GM"]
[WhiteElo "2544"]
[BlackElo "2406"]
[WhiteFideId "4201809"]
[BlackFideId "4207645"]
[EventDate "2014.08.18"]

1. c4 Nf6 2. g3 e6 3. Bg2 d5 4. d4 Be7 5. Nf3 O-O 6. O-O dxc4 7. Ne5 Nc6 8. Bxc6
bxc6 9. Nxc6 Qe8 10. Nxe7+ Qxe7 11. Qc2 e5 12. Rd1 Be6 13. Bg5 exd4 14. Rxd4 h6
15. Bxf6 Qxf6 16. Rd2 Rfd8 17. Nc3 Rxd2 18. Qxd2 Rb8 19. Kg2 Qe5 20. Rd1 Qc5 21.
Qc1 Qc6+ 22. f3 Qc5 23. Rd2 Qc6 24. h4 Qc5 25. Qg1 Qf5 26. e4 Qa5 27. Qe3 c6 28.
Kf2 f6 29. Qd4 Bf7 30. Kg2 Qb6 31. Qd6 Kh7 32. Qd7 Rb7 33. Qf5+ Bg6 34. Qf4 Qc5
35. g4 h5 36. gxh5 Qxh5 37. Ne2 Qa5 38. Nc3 Qc5 39. Ne2 Qa5 40. Nc3 Qc5 41. a3
Qe7 42. Kg3 Qc5 43. Kh2 Qe7 44. Qg4 Qe5+ 45. Qg3 Qe6 46. Qf4 Rd7 47. Qe3 Bh5 48.
Kg3 Qe5+ 49. Kg2 Qe7 50. Kf2 Qd8 51. Rxd7 Qxd7 52. Kg2 a6 53. Kg3 Qd6+ 54. Kg2
Bg6 55. f4 Qe7 56. Kg3 Qd6 57. Kf2 Qe7 58. Kg3 1/2-1/2

[Event "4th Isthmia Open 2014"]
[Site "Vrachati GRE"]
[Date "2014.08.20"]
[Round "4.7"]
[White "Malikentzos, Sotirios"]
[Black "Rychagov, Andrey"]
[Result "1/2-1/2"]
[WhiteTitle "FM"]
[BlackTitle "GM"]
[WhiteElo "2380"]
[BlackElo "2544"]
[WhiteFideId "4215079"]
[BlackFideId "4119932"]
[EventDate "2014.08.18"]

1. Nf3 g6 2. c4 Bg7 3. Nc3 d6 4. g3 f5 5. d4 Nf6 6. Bg2 O-O 7. O-O Qe8 8. Nd5
Nxd5 9. cxd5 Nd7 10. Ng5 Nb6 11. a4 c6 12. dxc6 bxc6 13. d5 c5 14. Ra2 Rb8 15.
b3 h6 16. Ne6 Bxe6 17. dxe6 Na8 18. e4 Nc7 19. exf5 gxf5 20. Re1 Qg6 21. Bf1 Bc3 1/2-1/2

[Event "4th Isthmia Open 2014"]
[Site "Vrachati GRE"]
[Date "2014.08.20"]
[Round "4.8"]
[White "Maiorov, Nikita1"]
[Black "Kourkoulos-Arditis, Stamatis"]
[Result "1-0"]
[WhiteTitle "GM"]
[BlackTitle "FM"]
[WhiteElo "2541"]
[BlackElo "2296"]
[WhiteFideId "13501720"]
[BlackFideId "4221990"]
[EventDate "2014.08.18"]

1. d4 Nf6 2. c4 e6 3. Nc3 Bb4 4. Qc2 O-O 5. a3 Bxc3+ 6. Qxc3 d6 7. Bg5 h6 8. Bh4
Nbd7 9. f3 e5 10. Nh3 exd4 11. Qxd4 Ne5 12. Nf2 Re8 13. O-O-O Be6 14. e3 a5 15.
Ne4 g5 16. Nxf6+ Qxf6 17. Bg3 Qg7 18. h4 g4 19. Be2 h5 20. Be1 c5 21. Qf4 b5 22.
cxb5 Bb3 23. Rxd6 Ng6 24. Qg5 Qf8 25. Rc6 Rad8 26. Bc3 Qe7 27. Rxg6+ fxg6 28.
Qxg6+ Kf8 29. Qh6+ Kg8 30. Qh8+ Kf7 31. Qg7+ Ke6 32. Qg6+ Kd5 1-0

[Event "4th Isthmia Open 2014"]
[Site "Vrachati GRE"]
[Date "2014.08.20"]
[Round "4.9"]
[White "Papaioannou, Ioannis"]
[Black "Avramidou, Anastasia"]
[Result "1-0"]
[WhiteTitle "GM"]
[BlackTitle "WFM"]
[WhiteElo "2641"]
[BlackElo "2154"]
[WhiteFideId "4201345"]
[BlackFideId "4239873"]
[EventDate "2014.08.18"]

1. d4 Nf6 2. Nf3 g6 3. Bg5 Bg7 4. Nbd2 d5 5. e3 O-O 6. Be2 c5 7. c3 cxd4 8. exd4
Nc6 9. O-O Qc7 10. Re1 Bf5 11. Nf1 Rad8 12. Ng3 Bc8 13. Bd3 h6 14. Bd2 Bg4 15.
Bb5 a6 16. Bxc6 bxc6 17. h3 Bxf3 18. Qxf3 Rfe8 19. Bf4 Qb6 20. Re2 c5 21. Be5
cxd4 22. Bxd4 Qb7 23. Rae1 Nh7 24. Bxg7 Kxg7 25. h4 Qc7 26. h5 e5 27. hxg6 fxg6
28. Qd3 Nf6 29. b4 Qd6 30. a4 e4 31. Qd4 Qe5 32. Qxe5 Rxe5 33. Rb2 Nd7 34. a5
Rb8 35. Reb1 e3 36. f3 Kf6 37. Ne2 Re6 38. Nd4 Ree8 39. Re1 Kg5 40. Rbe2 Kf4 41.
Kh2 Kg5 42. Rxe3 Rxe3 43. Rxe3 Rc8 44. Re7 Nb8 45. Rf7 h5 46. Ne6+ Kh6 47. f4 1-0

[Event "4th Isthmia Open 2014"]
[Site "Vrachati GRE"]
[Date "2014.08.20"]
[Round "4.10"]
[White "Drakoulakos, Grigorios"]
[Black "Karpatchev, Aleksandr"]
[Result "1-0"]
[BlackTitle "GM"]
[WhiteElo "2161"]
[BlackElo "2462"]
[WhiteFideId "4264541"]
[BlackFideId "4117182"]
[EventDate "2014.08.18"]

1. e4 e5 2. Nf3 Nc6 3. Bb5 a6 4. Ba4 Nf6 5. O-O Be7 6. Re1 b5 7. Bb3 d6 8. c3
O-O 9. h3 Na5 10. Bc2 c5 11. d4 Qc7 12. d5 c4 13. b4 cxb3 14. axb3 Bd7 15. Bd2
Nb7 16. b4 Rfc8 17. Bd3 Be8 18. Na3 Nd7 19. Qe2 Nb6 20. Rec1 Nc4 21. Bxc4 bxc4
22. Be3 h6 23. Nd2 Bb5 24. Ra2 Nd8 25. Nxb5 axb5 26. Rca1 Rxa2 27. Rxa2 Rb8 28.
Qd1 Bg5 29. Bxg5 hxg5 30. Qa1 f5 31. Ra7 Rb7 32. Ra8 Rb8 33. exf5 Qc8 34. Rxb8
Qxb8 35. Qa6 Nf7 36. Ne4 Kh7 37. Qc6 Kg8 38. Qd7 Kf8 39. f6 gxf6 40. Nxf6 Qd8
41. Nh7+ Kg7 42. Qxd8 Nxd8 43. Nxg5 1-0

[Event "4th Isthmia Open 2014"]
[Site "Vrachati GRE"]
[Date "2014.08.20"]
[Round "4.11"]
[White "Michelakos, Panagiotis"]
[Black "Dimitrov, Atanas"]
[Result "1/2-1/2"]
[BlackTitle "IM"]
[WhiteElo "2146"]
[BlackElo "2324"]
[WhiteFideId "4216067"]
[BlackFideId "2901315"]
[EventDate "2014.08.18"]

1. d4 Nf6 2. c4 g6 3. Nc3 d5 4. Bg5 Ne4 5. h4 h6 6. Bf4 Nxc3 7. bxc3 Bg7 8. e3
c5 9. Nf3 Nc6 10. cxd5 Qxd5 11. Be2 O-O 12. O-O Bg4 13. Qa4 cxd4 14. cxd4 Qa5
15. Qxa5 Nxa5 16. Rfc1 Rfc8 17. Kf1 Rxc1+ 18. Rxc1 Rc8 19. Rxc8+ Bxc8 20. Ke1
Be6 21. a3 Bd5 22. Bc7 b6 23. Bb5 Bb7 24. Kf1 Nc6 25. Ke2 e6 26. g3 Bf8 27. a4
f6 28. g4 g5 29. hxg5 hxg5 30. e4 Nb4 31. Nd2 Kf7 32. f3 a6 33. Bc4 Bc6 34. Bxb6
Bxa4 35. e5 Nd5 36. Bd8 Bb5 37. Bxb5 axb5 38. Ne4 fxe5 39. dxe5 Bg7 40. Nxg5+
Kg6 41. Nxe6 Kf7 42. Ng5+ 1/2-1/2

[Event "4th Isthmia Open 2014"]
[Site "Vrachati GRE"]
[Date "2014.08.20"]
[Round "4.12"]
[White "Verstraeten, Rein"]
[Black "Dunsbach, Ralf"]
[Result "1/2-1/2"]
[WhiteTitle "FM"]
[BlackTitle "FM"]
[WhiteElo "2298"]
[BlackElo "2146"]
[WhiteFideId "223654"]
[BlackFideId "4634870"]
[EventDate "2014.08.18"]

1. d4 Nf6 2. c4 g6 3. Nc3 d5 4. cxd5 Nxd5 5. Na4 e5 6. dxe5 Bb4+ 7. Bd2 Ne3 8.
fxe3 Bxd2+ 9. Qxd2 Qh4+ 10. g3 Qxa4 11. Nf3 Qd7 12. Qd4 Qe7 13. Bg2 Nc6 14. Qf4
O-O 15. O-O Bd7 16. Rad1 Rad8 17. Rf2 Be6 18. Nd4 g5 19. Qf6 Qxf6 20. exf6 Ne5
21. Rc1 Ng4 22. Rf3 Bd5 23. Rf5 Nxe3 24. Rxg5+ Kh8 25. Bxd5 Nxd5 26. Nf3 c6 27.
Rf5 Rd6 28. Rd1 Re6 29. Rd4 h6 30. Rh4 Rxf6 31. Rxf6 Nxf6 32. Rxh6+ Kg7 33. Rh4
Re8 34. Kf1 Ne4 35. Rg4+ Kf6 36. Rf4+ Kg7 37. Nd4 c5 38. Nf5+ Kg6 39. e3 b5 40.
Ke2 c4 41. Nd4 a6 42. g4 Nc5 43. b3 Nd3 44. Rf1 Ne5 45. h3 Rh8 46. Nf3 Nxf3 47.
Rxf3 c3 48. Kd3 b4 49. Kc2 Rd8 50. Rf2 Re8 51. Rf3 Rd8 52. Rf2 Re8 1/2-1/2

[Event "4th Isthmia Open 2014"]
[Site "Vrachati GRE"]
[Date "2014.08.21"]
[Round "5.1"]
[White "Postny, Evgeny"]
[Black "Kotronias, Vasilios"]
[Result "1-0"]
[WhiteTitle "GM"]
[BlackTitle "GM"]
[WhiteElo "2651"]
[BlackElo "2552"]
[WhiteFideId "2804344"]
[BlackFideId "5900212"]
[EventDate "2014.08.18"]

1. d4 Nf6 2. c4 g6 3. Nc3 Bg7 4. e4 d6 5. Nf3 O-O 6. h3 e5 7. d5 a5 8. g4 Na6 9.
Be3 Nd7 10. a3 Nac5 11. Rg1 Kh8 12. Nd2 a4 13. g5 f5 14. h4 fxe4 15. h5 Rf4 16.
h6 Bf8 17. Qc2 Nb3 18. Nxb3 axb3 19. Qd2 Rh4 20. O-O-O Nb6 21. Be2 Bf5 22. Rg3
Be7 23. Rdg1 Nd7 24. Bd1 Nc5 25. Bxc5 dxc5 26. Qe3 c6 27. Bxb3 Qf8 28. Bc2 Rd8
29. Bxe4 Bxe4 30. Nxe4 Qf5 31. Nc3 Rxc4 32. Rf3 Rf4 33. Rxf4 Qxf4 34. Qxf4 exf4
35. dxc6 bxc6 36. Ne4 Rd4 37. f3 Kg8 38. Rd1 Rc4+ 39. Kb1 Kf7 40. b3 Rd4 41.
Rxd4 cxd4 42. a4 Bb4 43. Kc2 Ke7 44. Nf6 Be1 45. Nxh7 1-0

[Event "4th Isthmia Open 2014"]
[Site "Vrachati GRE"]
[Date "2014.08.21"]
[Round "5.2"]
[White "Banikas, Hristos"]
[Black "Maiorov, Nikita1"]
[Result "1/2-1/2"]
[WhiteTitle "GM"]
[BlackTitle "GM"]
[WhiteElo "2644"]
[BlackElo "2541"]
[WhiteFideId "4202031"]
[BlackFideId "13501720"]
[EventDate "2014.08.18"]

1. d4 Nf6 2. c4 e6 3. Nf3 b6 4. g3 Bb7 5. Bg2 Be7 6. O-O O-O 7. Re1 d5 8. cxd5
exd5 9. Nc3 Na6 10. Bf4 c5 11. Rc1 Ne4 12. dxc5 Naxc5 13. Nd4 Nxc3 14. Rxc3 Bf6
15. Rc2 Qd7 16. Be3 Rac8 17. Qd2 Ne4 18. Qd3 Rxc2 19. Qxc2 Rc8 20. Qb3 Ba6 21.
Qa3 Bc4 22. b3 Be7 23. Qb2 Ba6 24. Rc1 Bf6 25. Rc2 Rc5 26. b4 Rc4 27. Rxc4 Bxc4
28. Qc2 Nd6 29. a4 a6 30. Bf3 1/2-1/2

[Event "4th Isthmia Open 2014"]
[Site "Vrachati GRE"]
[Date "2014.08.21"]
[Round "5.3"]
[White "Delchev, Aleksander"]
[Black "Malikentzos, Sotirios"]
[Result "1/2-1/2"]
[WhiteTitle "GM"]
[BlackTitle "FM"]
[WhiteElo "2655"]
[BlackElo "2380"]
[WhiteFideId "2900394"]
[BlackFideId "4215079"]
[EventDate "2014.08.18"]

1. e4 e5 2. Nf3 Nf6 3. Nxe5 d6 4. Nf3 Nxe4 5. d4 d5 6. Bd3 Nc6 7. O-O Bg4 8. Nc3
f5 9. Bb5 Be7 10. Ne2 Bxf3 11. gxf3 Nd6 12. Ba4 Bg5 13. Nf4 Bxf4 14. Re1+ Kf7
15. Bxf4 Nc4 16. Bxc6 bxc6 17. b3 Nd6 18. c4 Qh4 19. Qd2 Rhe8 20. Bg3 Qf6 21.
cxd5 cxd5 22. Be5 Qg6+ 23. Kh1 Qh5 24. Qc3 Kg8 25. Rg1 Re7 26. Rg3 Qe8 27. Qc5
g6 28. Qxd5+ Nf7 29. f4 Rd8 30. Qc4 Re6 31. Rc1 c6 32. Qc5 Rd7 33. Qc2 Nd6 34.
Rc3 Nb5 35. Rxc6 Nxd4 36. Bxd4 Re1+ 37. Kg2 Rxc1 38. Qxc1 Qe4+ 39. f3 Qxd4 40.
Kg3 Kg7 41. Qc3 Qxc3 42. Rxc3 Kh6 43. Rc5 a6 44. Rc6 a5 45. Ra6 Rd5 46. Ra7 Rc5
47. h4 Rd5 48. h5 Rc5 49. hxg6 hxg6 50. a4 Rc3 51. Rb7 Rc2 52. Rb5 Rb2 53. Kh3
Kg7 54. Kh4 Rh2+ 55. Kg3 Rb2 56. Rxa5 Rxb3 57. Ra7+ Kh6 58. a5 Rb2 59. a6 Ra2
60. Kh3 Ra4 61. Ra8 Kg7 62. Kh4 Ra2 63. Ra7+ Kf6 64. Kg3 Ke6 65. Ra8 Kf7 66. a7
Kg7 1/2-1/2

[Event "4th Isthmia Open 2014"]
[Site "Vrachati GRE"]
[Date "2014.08.21"]
[Round "5.4"]
[White "Sandalakis, Angelos"]
[Black "Papaioannou, Ioannis"]
[Result "0-1"]
[BlackTitle "GM"]
[WhiteElo "2406"]
[BlackElo "2641"]
[WhiteFideId "4207645"]
[BlackFideId "4201345"]
[EventDate "2014.08.18"]

1. e4 c5 2. Nf3 d6 3. d4 cxd4 4. Nxd4 Nf6 5. Nc3 a6 6. Be2 e5 7. Nb3 Be7 8. O-O
O-O 9. a4 Be6 10. Bf3 Nbd7 11. Re1 Qc7 12. a5 Rfc8 13. Be3 h6 14. h3 Nf8 15. Nc1
N8h7 16. Nd3 Ng5 17. Nb4 Bd8 18. Nbd5 Nxf3+ 19. Qxf3 Bxd5 20. exd5 Qd7 21. Qe2
Bc7 22. Qd3 Re8 23. Bd2 Rac8 24. Na4 e4 25. Qd4 Qf5 26. c4 Bd8 27. Nc3 Rc7 28.
b4 Qc8 29. Nxe4 Nxe4 30. Rxe4 Bf6 31. Rae1 Rxe4 32. Qxe4 Rxc4 33. Qe8+ Qxe8 34.
Rxe8+ Kh7 35. Rb8 Rd4 36. Be3 Rxb4 37. Bb6 Bc3 38. Kf1 Rb5 39. Ke2 f6 40. Kd3
Bxa5 41. Bxa5 Rxd5+ 0-1

[Event "4th Isthmia Open 2014"]
[Site "Vrachati GRE"]
[Date "2014.08.21"]
[Round "5.5"]
[White "Nikolaidis, Ioannis"]
[Black "Stathopoulos, Ioannis"]
[Result "1-0"]
[WhiteTitle "GM"]
[BlackTitle "FM"]
[WhiteElo "2559"]
[BlackElo "2271"]
[WhiteFideId "4202139"]
[BlackFideId "4223098"]
[EventDate "2014.08.18"]

1. Nf3 Nf6 2. c4 g6 3. Nc3 Bg7 4. d4 O-O 5. Bf4 d6 6. e3 c5 7. d5 Nh5 8. Bd3
Nxf4 9. exf4 e6 10. dxe6 fxe6 11. g3 Bxc3+ 12. bxc3 Qf6 13. O-O e5 14. Be4 exf4
15. Qd5+ Kg7 16. Rfd1 Rd8 17. Rab1 Nc6 18. Qd3 Rd7 19. Rb2 Ne5 20. Nxe5 dxe5 21.
Qxd7+ Bxd7 22. Rxd7+ Kh6 23. Rbxb7 Rh8 24. Rxa7 Qe6 25. Bd5 Qf5 26. Rf7 Qd3 27.
Kg2 Qxc3 28. a4 e4 29. Rxf4 e3 30. Rh4+ Kg5 31. f4+ Kf6 1-0

[Event "4th Isthmia Open 2014"]
[Site "Vrachati GRE"]
[Date "2014.08.21"]
[Round "5.6"]
[White "Zygouris, Hristos"]
[Black "Kharitonov, Alexandr"]
[Result "1/2-1/2"]
[BlackTitle "GM"]
[WhiteElo "2187"]
[BlackElo "2559"]
[WhiteFideId "4200292"]
[BlackFideId "4135202"]
[EventDate "2014.08.18"]

1. Nf3 d5 2. g3 g6 3. c4 dxc4 4. Na3 Bg7 5. Nxc4 Nc6 6. Bg2 e5 7. d3 Nge7 8. O-O
O-O 9. Bd2 Nf5 10. Rc1 Re8 11. Ng5 Nfd4 12. Ne4 Bg4 13. f3 Bc8 14. e3 Ne6 15.
Qe2 f5 16. Nf2 Rb8 17. Qd1 f4 18. Re1 b5 19. Na5 Nxa5 20. Bxa5 fxe3 21. Ng4 Qd6
22. Nxe3 Bb7 23. Ng4 c5 24. b4 cxb4 25. Qb3 Bd5 26. Qxb4 Qxb4 27. Bxb4 Nd4 28.
Bd6 Rbd8 29. Bxe5 Bxe5 30. Nxe5 Bxa2 31. f4 a5 32. Ra1 Nc2 33. Rxa2 Nxe1 34. Bc6
Re7 1/2-1/2

[Event "4th Isthmia Open 2014"]
[Site "Vrachati GRE"]
[Date "2014.08.21"]
[Round "5.7"]
[White "Vafiadis, Kleanthis"]
[Black "Halkias, Stelios"]
[Result "1/2-1/2"]
[BlackTitle "GM"]
[WhiteElo "2303"]
[BlackElo "2544"]
[WhiteFideId "4201850"]
[BlackFideId "4201809"]
[EventDate "2014.08.18"]

1. d4 Nf6 2. c4 e6 3. Nc3 Bb4 4. e3 O-O 5. Bd3 d5 6. Nf3 c5 7. O-O Nc6 8. a3
Bxc3 9. bxc3 Qc7 10. Bb2 dxc4 11. Bxc4 e5 12. h3 e4 13. Nd2 b6 14. Bb5 Bf5 15.
Bxc6 Qxc6 16. c4 Rfe8 17. d5 Qd6 18. f4 exf3 19. Rxf3 Be4 20. Rxf6 gxf6 21. Qg4+
Bg6 22. e4 Re5 23. Bxe5 Qxe5 24. Rf1 Re8 25. Qf4 Qd4+ 26. Kh2 Kg7 27. a4 h5 28.
Rf3 h4 29. Nb3 Qe5 30. Nd2 Qd4 31. Rf2 Rh8 32. Nb3 Qe5 1/2-1/2

[Event "4th Isthmia Open 2014"]
[Site "Vrachati GRE"]
[Date "2014.08.21"]
[Round "5.8"]
[White "Rychagov, Andrey"]
[Black "Drakoulakos, Grigorios"]
[Result "0-1"]
[WhiteTitle "GM"]
[WhiteElo "2544"]
[BlackElo "2161"]
[WhiteFideId "4119932"]
[BlackFideId "4264541"]
[EventDate "2014.08.18"]

1. d4 Nf6 2. c4 e6 3. Nc3 Bb4 4. Qc2 Nc6 5. Nf3 d6 6. Bd2 O-O 7. a3 Bxc3 8. Bxc3
Qe7 9. g3 e5 10. d5 Nb8 11. Bg2 Nh5 12. O-O Nd7 13. e4 g6 14. Nd2 Ng7 15. f4 f6
16. b4 a6 17. Rf2 b6 18. Nb3 Bb7 19. c5 bxc5 20. bxc5 dxc5 21. Na5 Rab8 22. Nc4
exf4 23. gxf4 Nb6 24. Ba5 Nxc4 25. Qxc4 Kh8 26. Rc1 c6 27. Qxc5 Qxc5 28. Rxc5
cxd5 29. exd5 Nf5 30. Rb2 Ba8 31. Rb4 Rxb4 32. axb4 Kg7 33. Rc7+ Kh6 34. Kf2 g5
35. Be4 Kg6 36. Kf3 Re8 37. Bb6 g4+ 0-1

[Event "4th Isthmia Open 2014"]
[Site "Vrachati GRE"]
[Date "2014.08.21"]
[Round "5.9"]
[White "Anagnostopoulos, Konstantinos"]
[Black "Antic, Dejan"]
[Result "0-1"]
[BlackTitle "GM"]
[WhiteElo "2137"]
[BlackElo "2485"]
[WhiteFideId "4251067"]
[BlackFideId "901008"]
[EventDate "2014.08.18"]

1. d4 Nf6 2. c4 e6 3. Nc3 Bb4 4. e3 O-O 5. Bd3 c5 6. Nf3 Nc6 7. O-O Bxc3 8. bxc3
d6 9. e4 e5 10. d5 Ne7 11. Nh4 h6 12. Qf3 Ng6 13. Nf5 Kh8 14. Kh1 Nh7 15. g3 Qf6
16. Qh5 Bd7 17. Be3 Rae8 18. Rfb1 Bc8 19. Bf1 Ne7 20. Nxe7 Qxe7 21. Bg2 f5 22.
exf5 Bxf5 23. Re1 Bd3 24. Bf1 Nf6 25. Qh4 Bxf1 26. Rxf1 Qf7 27. Rab1 b6 28. f4
Qg6 29. fxe5 Rxe5 30. Rbe1 Re4 31. Bf4 Rfe8 32. Rxe4 Qxe4+ 33. Kg1 Qxc4 34. Qh3
Qxc3 35. Bxh6 Kg8 36. Qh4 Re1 37. Bg5 Rxf1+ 38. Kxf1 Qf3+ 39. Ke1 Nxd5 40. Bd2
Nf6 41. Qc4+ d5 42. Qa6 Qh1+ 0-1

[Event "4th Isthmia Open 2014"]
[Site "Vrachati GRE"]
[Date "2014.08.21"]
[Round "5.10"]
[White "Dimitrov, Atanas"]
[Black "Bellos, Ioannis"]
[Result "1/2-1/2"]
[WhiteTitle "IM"]
[WhiteElo "2324"]
[BlackElo "2075"]
[WhiteFideId "2901315"]
[BlackFideId "4226445"]
[EventDate "2014.08.18"]

1. d4 d5 2. Nf3 Nf6 3. c4 dxc4 4. e3 e6 5. Bxc4 c5 6. O-O a6 7. dxc5 Bxc5 8.
Qxd8+ Kxd8 9. Rd1+ Ke7 10. a3 Nbd7 11. Be2 Rd8 12. Nc3 b5 13. Ng5 Bb7 14. b3
Rac8 15. Bb2 h6 16. Bf3 Bxf3 17. Nxf3 Bb6 18. b4 Rc4 19. Nd2 Rcc8 20. Nf3 Rc4
21. Nd2 Rcc8 1/2-1/2

[Event "4th Isthmia Open 2014"]
[Site "Vrachati GRE"]
[Date "2014.08.21"]
[Round "5.11"]
[White "Mastrovasilis, Athanasios"]
[Black "Kouvatsos, Filippos"]
[Result "1-0"]
[WhiteTitle "GM"]
[WhiteElo "2526"]
[BlackElo "2157"]
[WhiteFideId "4201990"]
[BlackFideId "4205561"]
[EventDate "2014.08.18"]

1. d4 c6 2. c4 d5 3. Nc3 Nf6 4. e3 g6 5. Nf3 Bg7 6. Bd3 O-O 7. h3 Nbd7 8. O-O
dxc4 9. Bxc4 Nb6 10. Bb3 Bf5 11. Nh4 Qd7 12. Nxf5 Qxf5 13. Qe2 Rad8 14. e4 Qh5
15. Qxh5 Nxh5 16. g4 Nf6 17. Be3 Kh8 18. Rad1 Ng8 19. f4 e6 20. f5 exf5 21. gxf5
gxf5 22. Rxf5 f6 23. Rf3 Ne7 24. Be6 Ng6 25. Rdf1 Rde8 26. d5 Ne5 27. Rg3 Nbd7
28. Kh1 Re7 29. Rfg1 Ng6 30. h4 cxd5 31. exd5 f5 32. Bg5 Nf6 33. Bxf5 Nh5 34.
Rf3 Ref7 35. Bxg6 hxg6 36. Rxf7 Rxf7 37. d6 Be5 38. Ne4 Bxb2 39. Rd1 Ng7 40. Nc5
Be5 41. d7 Bc7 42. d8=R+ Bxd8 43. Rxd8+ Kh7 44. Nd7 Nh5 45. Nf8+ Kg7 46. Ne6+
Kh7 47. Be3 1-0

[Event "4th Isthmia Open 2014"]
[Site "Vrachati GRE"]
[Date "2014.08.21"]
[Round "5.12"]
[White "Dunsbach, Ralf"]
[Black "Markidis, Konstantinos"]
[Result "0-1"]
[WhiteTitle "FM"]
[WhiteElo "2146"]
[BlackElo "2322"]
[WhiteFideId "4634870"]
[BlackFideId "4203500"]
[EventDate "2014.08.18"]

1. Nf3 Nf6 2. c4 e6 3. g3 d5 4. b3 d4 5. Bg2 c5 6. e3 Nc6 7. exd4 cxd4 8. O-O
Be7 9. d3 O-O 10. Na3 Ne8 11. Nc2 a5 12. Re1 f6 13. a3 e5 14. Rb1 Nc7 15. Nd2
Na6 16. g4 Kh8 17. Ne4 Qd7 18. h3 f5 19. gxf5 Qxf5 20. Qe2 Qg6 21. Kh2 Bf5 22.
Rg1 Qf7 23. Rf1 Rae8 24. b4 axb4 25. axb4 Ncxb4 26. Nxb4 Bxb4 27. Bd2 Bxd2 28.
Qxd2 Bxe4 29. Bxe4 Nc5 30. f3 Qe7 31. Rb5 Rc8 32. Qb4 Rc7 33. Ra1 h6 34. Raa5
Rfc8 35. Qa3 Qd6 36. Qb4 Nxe4 37. dxe4 Qf6 38. Rxe5 Qf4+ 0-1